| 000 | 00325nam a22001217a 4500 | ||
|---|---|---|---|
| 008 | 231117b |||||||| |||| 00| 0 eng d | ||
| 082 | _a610.73 WIL | ||
| 100 | _aWilson,Michael and MacDonald,Helen. | ||
| 245 | _aNursing Knowledge. | ||
| 260 |
_aVictoria: _bSchool of Nursing, _c1998. |
||
| 300 |
_bills; _c31.5 cm. |
||
| 942 | _2ddc | ||
| 999 |
_c9734 _d9735 |
||